000 00523nam a2200157Ia 4500
008 100122s9999 xx 000 0 und d
082 _b9535
_a342.54
100 _aगुप्ते भालचंद्र महेश्वर
245 _aहिंदी राज्य घटना
250 _a0
260 _bप्रकाशक शोधणे
_c1950
300 _a100
630 _aहिंदी राज्य घटना
730 _aहिंदी राज्य घटना
942 _cBOOK
999 _c401476
_d401473